| 000 | 00633nam a22002297a 4500 | ||
|---|---|---|---|
| 005 | 20170124105945.0 | ||
| 010 | _aA-518495 | ||
| 020 | _c00.00 | ||
| 035 | _aA-518495 | ||
| 037 | _bCen Lib/Ret | ||
| 040 |
_aDPL _bEN |
||
| 082 | _a239 | ||
| 100 |
_aSawan,singh _911390 |
||
| 245 |
_aSpiritual gems / _cby Sawan singh |
||
| 260 |
_aPunjab _bRadha soami satsang beas _c1965 |
||
| 270 |
_aRadha soami satsang beas _bPunjab |
||
| 300 |
_axiv,413p. _c21cm(Hb) |
||
| 500 | _aincludes glossary reference and index | ||
| 650 |
_aSant Mat _912151 |
||
| 650 |
_aSpiritual life _98840 |
||
| 942 |
_2ddc _cEN _h239 _mSAW |
||
| 999 |
_c124852 _d124852 |
||